000 00536nam a2200169 a 4500
001 000043094
005 20201002040631.0
008 140218s2006 xxkc 001 0 spa d
020 _a1904687628
040 _aDO-SdBNP
_bspa
_cBNPHU
100 1 _aBishop, Chris
_970619
245 1 0 _aThe essential aircraft identification guide :
_bLuftwaffe squadrons 1939-45. /
_cChris Bishop.
246 0 0 _aLuftwaffe squadrons 1939-45.
260 _aLondon, :
_bAmber Books,
_c2006.
300 _a192 p. :
_bretrs. ;
_c25 cm.
500 _aIncluye índice
999 _c42583
_d42583